000 00196 a2200097 4500
020 _a9789580494683
041 _aspa
100 _aKeiko Kasza
245 _aCuando el Elefante Camina
942 _cK
999 _c30502
_d30500